Geography Quiz

Random Geography or City Quiz
Score 0/20 Timer 06:00
0 Plays Today
km City, Town % Correct
291Kuala Lumpur
94.2%
0Johor Bahru
78.1%
179Melaka
49%
17Batam
38.1%
140Muar
21.9%
293Subang Jaya
19.4%
77Kluang
18.1%
279Batu
17.4%
253Pekanbaru
16.8%
266Kuantan
15.5%
km City, Town % Correct
296Petaling Jaya
14.8%
301Shah Alam
14.2%
244Dumai
13.5%
95Batu Pahat
12.9%
63Tanjung Pinang
11%
273Kajang
7.1%
265Duri
5.2%
241Seramban
4.5%
287Ampang Jaya
4.5%
302Selayang Baru
4.5%

You're not logged in!

Compare scores with friends on all Sporcle quizzes.
OR
Log In

Sporcle TV

Today on Sporcle TV


Watch our educational content, quiz creation guides, and fun videos on Sporcle TV.

Show Comments

Extras

Top Quizzes Today


Score Distribution

Paid Content

Your Account Isn't Verified!

In order to create a playlist on Sporcle, you need to verify the email address you used during registration. Go to your Sporcle Settings to finish the process.

Report this User

Report this user for behavior that violates our Community Guidelines.

Details: